Pueblos Indígenas, estado y democracia /
Պահպանված է:
| Հիմնական հեղինակ: | |
|---|---|
| Այլ հեղինակներ: | |
| Ձևաչափ: | Տեքստ |
| Հրապարակվել է: |
Buenos Aires:
CLACSO
|
| Խորագրեր: | |
| Ցուցիչներ: |
Ավելացրեք ցուցիչ
Չկան պիտակներ, Եղեք առաջինը, ով նշում է այս գրառումը!
|
MARC
| LEADER | 00000 a a2200000 04500 | ||
|---|---|---|---|
| 001 | 31865 | ||
| 003 | |||
| 040 | |a CRAI/IIS |c CRAI/IIS | ||
| 020 | |a 987-1183-15-1 | ||
| 090 | |a 200401 | ||
| 100 | |a Dávalos, Pablo | ||
| 245 | |a Pueblos Indígenas, estado y democracia / |c Pablo Dávalos | ||
| 260 | |a Buenos Aires: |b CLACSO | ||
| 300 | |a 356 p. | ||
| 650 | |a POBLACION INDIGENA | ||
| 650 | |a MOVIMIENTOS SOCIALES | ||
| 650 | |a PARTICIPACION SOCIAL | ||
| 650 | |a PARTICIPACION POLITICA | ||
| 650 | |a SOCIEDAD INDUSTRIAL | ||
| 650 | |a IDEOLOGIAS | ||
| 650 | |a DISCRIMINACION RACIAL | ||
| 650 | |a NEOLIBERALISMO | ||
| 650 | |a LIBERALIZACION ECONOMICA | ||
| 650 | |a POLITICA DE AJUSTE | ||
| 650 | |a CONSECUENCIAS SOCIALES | ||
| 650 | |a DESIGUALDAD SOCIAL | ||
| 650 | |a CONFL | ||
| 700 | |a comp. |a Macas, Luis |a Díaz Polanco, Héctor |a Toledo Llancaqueo, Víctor |a Kropff, Laura |a Andolina, Robert |a Radcliffe, Sarah |a Laurie, Nina |a Melesio, Peter |a Ticona Alejo, Esteban |a Simbaña, Floresmilo, Peña Francisco |a Burguete Cal y Mayor, Araceli | ||
| 999 | |c 13061 |d 13061 | ||



